Canards - Culture générale - Statistiques

Statistiques générales
  • Ce quiz a été pris 336 fois
    167 depuis la dernière actualisation
  • Le résultat moyen est 8 sur 15
Statistiques - réponses
Question Réponse % Correct
Canard le plus connu de l'univers Disney Donald Duck
96%
"Canard le plus riche du monde" de l'univers Disney Picsou
90%
Canard les plus commun en France Colvert
82%
Hebdomadaire français satirique Le Canard enchainé
77%
Dans quel conte d’Andersen retrouve-t-on un caneton rejeté par les autres animaux avant de devenir un cygne ? Le Vilain Petit Canard
72%
Filet de viande découpé à partir de la poitrine du canard Magret
62%
Les pattes de canard sont Palmées
62%
Pays produisant le plus de viande de canard Chine
52%
Est utilisé dans les doudounes pour tenir chaud Duvet
46%
Virus porté par les canards souvent a l'origine de la fermeture d'élevage Grippe aviaire
44%
Région d'ou provient le fois gras de canard Sud Ouest
25%
Qui chante La Cane de Jeanne George Brassens
21%
Espèce de canard réputé pour son duvet Eider
17%
Comment appelle-t-on le cri du canard ? Cancanement
15%
Famille regroupant les oies, cygnes et canards Anatidés
7%
Aucun quiz correspondant
Distribution des résultats
% des personnes avec chaque résultat
Percentile par nombre de réponses
Votre historique - résultats
Vous n’avez pas pris ce quiz depuis la dernière actualisation